00412nam a2200121 a 450000500170000000800410001705000180005810000160007624500440009226000370013699900190017395200980019220140414131914.0100902s19uu xx 00 eng d aFICbK68 1998 aKline, Suzy aHorrible Harry moves up to third grade. aNew York :bScholastic ,c1998. c111383d111383 001040aMUbMUcFICd2010-09-02l0oFIC K68 1998pM2095r2014-04-14 00:00:00w2014-04-14yBK